| 000 | 01250nam a2200277 i 4500 | ||
|---|---|---|---|
| 003 | EG-GICUC | ||
| 005 | 20260416130057.0 | ||
| 008 | 260416s1989 ua |||fr|||| 00| 0 ara d | ||
| 040 |
_a EG-GICUC _bara _c EG-GICUC _d EG-GICUC _erda |
||
| 082 | 0 | 4 |
_221 _a343.3754 _bا ل . م |
| 092 | 0 | 4 | _221 |
| 099 | _aLaw1 10 343.3754 ا ل . م 1989 | ||
| 100 | 1 |
_aالصاوي يوسف القباني _eمؤلف. |
|
| 245 | 1 | 0 |
_aمجموعة القواعد القانونية التي قررتها محكمة النقض : _bفي خمسين عاما من أول إنشائها في سنة 1931 حتي ديسمبر سنة 1980 _nالجزء الثاني : من حرف التاء الي حرف الراء / _cإعداد المستشار الصاوي يوسف القباني. |
| 264 | 1 |
_aالقاهرة : _bمكتبة رجال القضاء، _c1989. |
|
| 300 |
_a2436 ؛ صفحة _c24 سم |
||
| 336 |
_2rda content _atext |
||
| 337 |
_2rda media _aComputer |
||
| 338 |
_2rda carrier _aOnline Resource |
||
| 546 | _aالنص باللغة العربية | ||
| 650 | 1 | 4 |
_aالإجراءات أمام محكمة النقض _2qrmak |
| 651 | 1 | _2qrmak | |
| 856 | 4 | 0 | _uhttps://fll.law.cu.edu.eg/fulltext/bks/B10-09884.pdf |
| 905 | _a161 | ||
| 942 |
_2ddc _cBK _e21 _n0 |
||
| 999 |
_c71434 _d71434 |
||